000 00435nam a2200145Ia 4500
008 230917s9999||||xx |||||||||||||| ||und||
040 _e161884
_aMAIN
041 _aEnglish
082 _a891.432741 VH995E
100 _aव्यथित ह्रदय
245 0 _aएक डाल के कई फूल
260 _aदिल्ली
_bसन्मार्ग प्रकाशन
_c1976
300 _a84 p.
942 _cHN
999 _c182390
_d182390